Selected Essays on Gnosticism, Dualism and Mysteriosophy (Record no. 12666)

MARC details
000 -LEADER
fixed length control field 00605nam a2200241 a 4500
020 ## - INTERNATIONAL STANDARD BOOK NUMBER
ISBN 9004324
082 00 - DEWEY DECIMAL CLASSIFICATION NUMBER
Classification number 200.1
Author Cutter BIA
100 ## - MAIN ENTRY--AUTHOR NAME
Author name Bianchi, Ugo
245 ## - TITLE STATEMENT
Title Selected Essays on Gnosticism, Dualism and Mysteriosophy
260 ## - PUBLICATION, DISTRIBUTION, ETC. (IMPRINT)
Place of publication Leiden
Name of publisher Brill
Year of publication 1978
300 ## - PHYSICAL DESCRIPTION
Number of Pages 468p
500 ## - GENERAL NOTE
General note includes index and biblioraphy
505 2# - FORMATTED CONTENTS NOTE
Formatted contents note Index
650 ## - SUBJECT ADDED ENTRY--TOPICAL TERM
Topical Term Religion-Philosophy
942 ## - ADDED ENTRY ELEMENTS (KOHA)
Koha item type Books
700 1# -
-- Bianchi, Ugo
Holdings
Collection code Home library Current library Date acquired Cost, normal purchase price Full call number Accession Number Koha item type
  Henry Martyn Institute Library Henry Martyn Institute Library 03/19/2007 4418.00 200.1 BIA 016773 Books
                   Copyright © 2026 | Henry Martyn Institute | Hyderabad | TS-500052 | INDIA | Implemented by hmi.edu.in
Hit-Count:

Powered by Koha